000 00708nam a2200193Ia 4500
005 20250508160005.0
008 008 250505s9999 xx 000 0 eng d
037 _aBooks to be hide in OPAC
040 _aFEDL
_beng
_cFEDL
041 _aeng
_2eng
084 _a371.610 942, GRE/O
_qFEDL
245 0 _aReport of the partmental committee appointed to inquire into certain questions in connexion with the playgrounds of public elementary schools, with abstracts of evidence
245 0 _cBoard of Education
260 _aLondon, UK
_bHis Majesty's Stationery Office
_c1912
300 _a171p.
546 _aWeeded out
942 _cHB
_h371.610 942, GRE/O
999 _c1360759
_d1360759